<?xml version="1.0" encoding="UTF-8"?>
<record
    xmlns:xsi="http://www.w3.org/2001/XMLSchema-instance"
    xsi:schemaLocation="http://www.loc.gov/MARC21/slim http://www.loc.gov/standards/marcxml/schema/MARC21slim.xsd"
    xmlns="http://www.loc.gov/MARC21/slim">

  <leader>01546nam0a22003371  4500</leader>
  <controlfield tag="001">RU\NLR\UK\669</controlfield>
  <controlfield tag="005">20260407082112.0</controlfield>
  <datafield tag="035" ind1=" " ind2=" ">
    <subfield code="a">(NLR Aleph) 009798471</subfield>
  </datafield>
  <datafield tag="090" ind1=" " ind2=" ">
    <subfield code="a">10165239</subfield>
    <subfield code="c">10165239</subfield>
  </datafield>
  <datafield tag="100" ind1=" " ind2=" ">
    <subfield code="a">20260120              rusy50        </subfield>
  </datafield>
  <datafield tag="101" ind1="0" ind2=" ">
    <subfield code="a">rus</subfield>
  </datafield>
  <datafield tag="102" ind1=" " ind2=" ">
    <subfield code="a">RU</subfield>
  </datafield>
  <datafield tag="200" ind1="1" ind2=" ">
    <subfield code="a">&#x424;&#x43E;&#x440;&#x43C;&#x430; &#x43E; &#x442;&#x438;&#x442;&#x443;&#x43B;&#x430;&#x445; &#x435;&#x433;&#x43E; &#x438;&#x43C;&#x43F;&#x435;&#x440;&#x430;&#x442;&#x43E;&#x440;&#x441;&#x43A;&#x43E;&#x433;&#x43E; &#x432;&#x435;&#x43B;&#x438;&#x447;&#x435;&#x441;&#x442;&#x432;&#x430;.</subfield>
  </datafield>
  <datafield tag="210" ind1=" " ind2=" ">
    <subfield code="a">&#x41F;&#x435;&#x447;&#x430;&#x442;&#x430;&#x43D;&#x43E; &#x432; &#x421;&#x430;&#x43D;&#x43A;&#x442;&#x44A;&#x43F;&#x435;&#x442;&#x435;&#x440;&#x431;&#x443;&#x440;&#x433;&#x435;</subfield>
    <subfield code="c">&#x41F;&#x440;&#x438; &#x421;&#x435;&#x43D;&#x430;&#x442;&#x435;</subfield>
    <subfield code="d">10 &#x43C;&#x430;&#x44F; 1727</subfield>
  </datafield>
  <datafield tag="215" ind1=" " ind2=" ">
    <subfield code="a">[1] &#x43B;.</subfield>
    <subfield code="d">2&#xB0;</subfield>
  </datafield>
  <datafield tag="304" ind1=" " ind2=" ">
    <subfield code="a">&#x412; &#x41F;&#x421;&#x417; &#x437;&#x430;&#x433;&#x43B;.: &#x424;&#x43E;&#x440;&#x43C;&#x430; &#x43E; &#x442;&#x438;&#x442;&#x443;&#x43B;&#x430;&#x445; &#x438;&#x43C;&#x43F;&#x435;&#x440;&#x430;&#x442;&#x43E;&#x440;&#x430; &#x41F;&#x435;&#x442;&#x440;&#x430; II. &#x412; &#x41F;&#x421;&#x417; &#x43F;&#x43E;&#x43C;&#x435;&#x449;&#x435;&#x43D;&#x43E; &#x43F;&#x43E;&#x434; 8 &#x43C;&#x430;&#x44F; 1727 &#x433;.</subfield>
  </datafield>
  <datafield tag="304" ind1=" " ind2=" ">
    <subfield code="a">&#x422;&#x435;&#x43A;&#x441;&#x442; &#x43D;&#x430;&#x447;&#x438;&#x43D;&#x430;&#x435;&#x442;&#x441;&#x44F; &#x441;&#x43B;&#x43E;&#x432;&#x430;&#x43C;&#x438;: 1: &#x412; &#x433;&#x440;&#x430;&#x43C;&#x43E;&#x442;&#x430;&#x445; &#x43A;&#x43E;&#x442;&#x43E;&#x440;&#x44B;&#x435; &#x43E;&#x442;&#x43F;&#x440;&#x430;&#x432;&#x43B;&#x435;&#x43D;&#x44B; &#x438;&#x43C;&#x435;&#x44E;&#x442; &#x431;&#x44B;&#x442;&#x44C; &#x432; &#x438;&#x43D;&#x43E;&#x441;&#x442;&#x440;&#x430;&#x43D;&#x43D;&#x44B;&#x435; &#x433;&#x43E;&#x441;&#x443;&#x434;&#x430;&#x440;&#x441;&#x442;&#x432;&#x430;...</subfield>
  </datafield>
  <datafield tag="306" ind1=" " ind2=" ">
    <subfield code="a">&#x412;&#x44B;&#x445;. &#x434;&#x430;&#x43D;. &#x443;&#x43A;&#x430;&#x437;&#x430;&#x43D;&#x44B; &#x441;&#x43B;&#x435;&#x432;&#x430; &#x43E;&#x442; &#x41C;.&#x41F;.</subfield>
  </datafield>
  <datafield tag="321" ind1=" " ind2=" ">
    <subfield code="a">&#x41F;&#x421;&#x417;. &#x422;.7. 5071</subfield>
  </datafield>
  <datafield tag="517" ind1="1" ind2=" ">
    <subfield code="a">&#x424;&#x43E;&#x440;&#x43C;&#x430; &#x43E; &#x442;&#x438;&#x442;&#x443;&#x43B;&#x430;&#x445; &#x438;&#x43C;&#x43F;&#x435;&#x440;&#x430;&#x442;&#x43E;&#x440;&#x430; &#x41F;&#x435;&#x442;&#x440;&#x430; II</subfield>
  </datafield>
  <datafield tag="620" ind1=" " ind2=" ">
    <subfield code="d">&#x41C;&#x43E;&#x441;&#x43A;&#x432;&#x430;</subfield>
  </datafield>
  <datafield tag="702" ind1=" " ind2="0">
    <subfield code="4">720</subfield>
    <subfield code="8">rus</subfield>
    <subfield code="7">ca</subfield>
    <subfield code="a">&#x41F;&#x435;&#x442;&#x440;</subfield>
    <subfield code="c">&#x438;&#x43C;&#x43F;&#x435;&#x440;&#x430;&#x442;&#x43E;&#x440; &#x440;&#x43E;&#x441;&#x441;&#x438;&#x439;&#x441;&#x43A;&#x438;&#x439;</subfield>
    <subfield code="d">II</subfield>
    <subfield code="f">1715-1730</subfield>
    <subfield code="3">RU\NLR\AUTH\7713845</subfield>
    <subfield code="9">123527</subfield>
  </datafield>
  <datafield tag="710" ind1="0" ind2="1">
    <subfield code="a">&#x420;&#x43E;&#x441;&#x441;&#x438;&#x44F;</subfield>
    <subfield code="b">&#x418;&#x43C;&#x43F;&#x435;&#x440;&#x430;&#x442;&#x43E;&#x440;</subfield>
    <subfield code="c">1727-1730; &#x41F;&#x435;&#x442;&#x440; II</subfield>
    <subfield code="3">RU\NLR\AUTH\8810042739</subfield>
    <subfield code="9">584923</subfield>
  </datafield>
  <datafield tag="712" ind1="0" ind2="2">
    <subfield code="a">&#x421;&#x435;&#x43D;&#x430;&#x442;&#x441;&#x43A;&#x430;&#x44F; &#x442;&#x438;&#x43F;&#x43E;&#x433;&#x440;&#x430;&#x444;&#x438;&#x44F;</subfield>
    <subfield code="c">&#x421;&#x430;&#x43D;&#x43A;&#x442;-&#x41F;&#x435;&#x442;&#x435;&#x440;&#x431;&#x443;&#x440;&#x433;</subfield>
    <subfield code="4">610</subfield>
  </datafield>
  <datafield tag="801" ind1=" " ind2="0">
    <subfield code="a">RU</subfield>
    <subfield code="b">NLR</subfield>
    <subfield code="c">20030127</subfield>
  </datafield>
  <datafield tag="852" ind1=" " ind2=" ">
    <subfield code="a">NLR</subfield>
    <subfield code="j">123/137-12</subfield>
  </datafield>
  <datafield tag="942" ind1=" " ind2=" ">
    <subfield code="c">BOOK</subfield>
  </datafield>
  <datafield tag="980" ind1=" " ind2=" ">
    <subfield code="a">NB</subfield>
  </datafield>
  <datafield tag="980" ind1=" " ind2=" ">
    <subfield code="a">A1XVIIIv</subfield>
  </datafield>
  <datafield tag="980" ind1=" " ind2=" ">
    <subfield code="a">A1UKAZ</subfield>
  </datafield>
</record>
